Statistics for Anagram Of Europe (Hard Quiz)

Click here to take the quiz!

General Stats

  • This quiz has been taken 31 times
  • The average score is 32 of 45

Answers on the Map

Answers color-coded by a green-red scale on the quiz's map according to % correct below.
 

Answer Stats

Answer% Correct
A Malt
83%
Flan Din
83%
Airs Us
79%
A Vital
79%
Buxom Gruel
79%
Can Ref
79%
Cee Reg
79%
My Anger
79%
Adhesive Groin Bonanza
75%
A Laa Bin
75%
An Idler
75%
Big Mule
75%
Dim Dungeon Kit
75%
Mr Naked
75%
Newt Lizards
75%
Old Nap
75%
Rein Auk
75%
We Send
75%
Air Taco
71%
An Ivy Tactic
71%
Ice Zach
71%
I Snap
71%
Its Aura
71%
Lab User
71%
Lay It
71%
Nest Handler
71%
No Coma
71%
Ova Mold
71%
Ray Won
71%
Taro Plug
71%
Voila Ska
71%
Glib Aura
67%
Inn Aromas
67%
Kosovo
67%
Lenient Ethics
67%
Nice Lad
67%
No Maria
67%
No Radar
67%
Nose Vial
67%
Tornado Machine
67%
I Hail Tuna
63%
Rabies
63%
Ugh Yarn
63%
Gnome Tenor
58%
Into Sea
58%

Score Distribution

Percentile by Number Answered

Percent of People with Each Score

Your Score History

You have not taken this quiz